000 00524nam a2200181Ia 4500
008 090124s9999 xx 000 0 und d
082 _b4565
100 _aताम्हनकर ना. धो.
245 _a चकमकी
250 _a0
260 _bदेशमुख आणि कंपनी
_c1942
300 _a80
600 _aताम्हनकर ना. धो.
630 _a चकमकी
700 _aताम्हनकर ना. धो.
730 _a चकमकी
942 _cBOOK
999 _c83710
_d83710